| 000 | 00867ntm a22002297a 4500 | ||
|---|---|---|---|
| 005 | 20170817100714.0 | ||
| 008 | 170802s2011 xx a frb 000 0 eng d | ||
| 040 |
_aEG-ScBUE _beng _cEG-ScBUE |
||
| 082 | 0 | 4 |
_222 _a620 _bLOT |
| 100 | 1 | _a Lotfy, Marina Reda. | |
| 245 | 1 | 0 |
_aSoil structure interaction simulation in boundary element methods for building foundations / _cby Marina Reda Lotfy. |
| 260 | _c2011. | ||
| 300 |
_a170 p. : _fill. (col.) ; _g28 cm. |
||
| 500 | _aA dissertation submitted to the faculty of the engineering the British university in Egypt in partial fulfillment of the requirements for the bachelor degree in civil engineering | ||
| 590 | _aNOURA TARK KAMAL. | ||
| 650 | 7 |
_2BUEsh _vProjects _aCivil Engineering. |
|
| 653 |
_bENGCIV _cAugust2017 |
||
| 655 | _vSPRO | ||
| 700 | 1 |
_aRashed,Youssef F.. _eths. |
|
| 777 | _ASPRO | ||
| 942 | _2ddc | ||
| 999 |
_c25118 _d25090 |
||